000 00840nam a2200181 a 4500
008 120416s1991 ||||||||||||||||| || u
050 _aDT 8779 Chi
100 _aChisala, Beatwell S
245 1 0 _aLt Luchembe coup attempt
246 _aChisala Beatwell S.
250 _a2nd. ed.
260 _aLusaka
_bCo-op. Printing
_c1991
300 _aiii, 84p. : ill.
350 _a0.00
995 _aBINDERY (DAMAGED)
_D0.00
_e722732
_FCBU-MAIN LIBRARY (Kitwe)
_H1
_I360.00
_jDT 8779 CHI
_M1
_UDAMAGED
_y001691
_ZMain Library Open Access Collection
995 _aSPECIAL COLLECTIONS
_D0.00
_e722730
_FCBU-MAIN LIBRARY (Kitwe)
_H3
_I360.00
_jZAM DT 8779 Chi
_M3
_UAVAILABLE
_y018647
_ZZambiana Collection
995 _aMAIN LIBRARY OPEN ACCESS
_D0.00
_e722731
_FCBU-MAIN LIBRARY (Kitwe)
_H4
_I360.00
_jDT 8779 Chi
_M4
_UAVAILABLE
_y018643
_ZMain Library Open Access Collection
999 _c82266
_d82266